Score 0/10 Timer 02:00
0 Plays Today
% Correct
Austin
80.7%
Tallahassee
78.3%
Boise
76%
Augusta
72.2%
Des Moines
62.3%
Olympia
61.6%
Columbia
57.6%
Indianapolis
57%
Juneau
52.6%
Saint Paul
42.1%
Remove Ads.
Support Sporcle.
Get the best of Sporcle when you Go Orange. This ad-free experience offers more features, more stats, and more fun while also helping to support Sporcle. Thank you for becoming a member.

You're not logged in!

Compare scores with friends on all Sporcle quizzes.
OR
Log In

Show Comments

Extras

Top Quizzes Today


Score Distribution

Your Account Isn't Verified!

In order to create a playlist on Sporcle, you need to verify the email address you used during registration. Go to your Sporcle Settings to finish the process.

Report this User

Report this user for behavior that violates our Community Guidelines.

Details: